000 00627nam a2200193 i 4500
001 147213
003 ES-MaACL
005 20240524063000.0
007 t|
008 070924q1914 fr ||||1| fre d
100 1 _aTurguenev, Ivan Sergueevich,
_d1818-1883
_9133416
245 1 0 _aPéres et enfants /
_cIvan Serguievich Turgueniev ; précide de une lettre... par Prosper Merimée.
250 _a9ª ed.
260 _aParis :
_bEugéne Fasquelle,
_c[1914]
300 _a324 p., 4 h. ;
_c18 cm.
700 1 _aMérimée, Prosper (
_d1803-1870)
_980507
852 _aES-MaACL
_jG-3177
999 _c147213
_d147213